O beijo da palavrinha (Registo nº 4524)

Detalhes MARC
000 -Etiqueta do registo
Cabeçalho 00880nam0a2200289 4500
005 - Identificador da versão
Campo de controlo 20240813122104.0
010 ## - Número internacional normalizado dos livros (ISBN)
Número (ISBN) 9789722120159
021 ## - Número do Depósito Legal
Código do país PT
Número 396476/14
100 ## - Dados gerais de processamento
Dados gerais de processamento 20161104d2015 a y0pory5003 ba
102 ## - Pais de publicação ou produção
País de publicação Portugal
101 0# - Língua de publicação
Língua do texto, banda sonora, etc. Português
215 ## - Descrição física 
Indicação específica da natureza do documento e extensão da espécie 28, [2] p.
Outras indicações físicas il. color
200 1# - Titulo e menção de responsabilidade
Título próprio O beijo da palavrinha
Primeira menção de responsabilidade Mia Couto
Outras menções de responsabilidade il. Danuta Wojciechowska
205 ## - Menção da edição
Menção da edição 10ª ed.
210 ## - Publicação, Distribuição, etc. 
Lugar da edição, distribuição, etc. Lisboa
Nome do editor, distribuidor, etc. Caminho
Data da publicação, distribuição, etc. [2015?]
Data da impressão imp. 2015
300 ## - Notas gerais 
Texto da nota Metas Curriculares
Texto da nota PNL
314 ## - Notas relativas a responsabilidade intelectual 
Texto da nota Mia Couto é pseudónimo de António Emílio Leite Couto
606 ## - Nome comum usado como assunto
Número de registo de entrada de autoridade 0001437
Palavra de ordem Literatura moçambicana
Subdivisão de assunto Conto
Código do sistema CA
675 ## - Classificação Decimal Universal (CDU)
Notação 821.134.3(679)-34
Edição 3ª ed.
Língua da edição por
702 #1 - Nome de autor-pessoa física (responsabilidade secundária)
Número de registo de entrada de autoridade 0001892
Palavra de ordem Wojciechowska
Outra parte do nome não tomada para palavra de ordem Danuta
Datas 1960
Código de função Ilustrador / Técnico de desenho computorizado
700 #1 - Nome de autor-pessoa física (responsabilidade principal)
Número de registo de entrada de autoridade 0001439
Palavra de ordem Couto
Outra parte do nome não tomada para palavra de ordem Mia
Elementos de identificação ou distinção pseud.
Datas 1955-
966 ## - Identificação da Biblioteca
Sigla EBVEN
942 ## - Elementos de entrada adicionados (Koha)
Tipo de item no Koha Livro
Exemplares
Situação do levantamento Origin of item (home branch) (coded) Biblioteca de empréstimo Código de barras Cota Circulation type (not for loan) Tipo de documento Nota do exemplar Damaged status
  Biblioteca Escolar das Vendas Biblioteca Escolar das Vendas BEV2543 8EST COU MET PNL   Livro Sem mensagem